000 00975pam a2200277 a 4500
001 2468457
003 Ke-BoTe
005 20220614165223.0
008 900711s1991 paua f 001 0 eng
010 _a 90006611
020 _a0397547838 :
_c$19.95
040 _aDLC
_cDLC
_dDLC
050 0 0 _aRC76
_b.B38 1991
082 0 0 _a616.07/54
_220
100 1 _aBates, Barbara,
_d1928-
_93917
245 1 2 _aA pocket guide to physical examination and history taking /
_cBarbara Bates ; with pediatric content by Robert A Hoekelman.
260 _aPhiladelphia :
_bJ. B. Lippincott,
_cc1991.
300 _axiv, 222 p. :
_bill. (some col.) ;
_c18 cm.
500 _aIncludes index.
650 0 _aPhysical diagnosis
_xHandbooks, manuals, etc.
_91886
650 0 _aMedical history taking
_xHandbooks, manuals, etc.
_91887
700 1 _aHoekelman, Robert A.
_93920
906 _a7
_bcbc
_corignew
_d1
_eocip
_f19
_gy-gencatlg
942 _2lcc
_cBK
_n0
999 _c4061
_d4061